000 00588cam a22002053a 4500
001 38938
003 PGUSA
005 20140828083847.0
008 120220s2012||||xxu|||||s|||||000 | eng d
040 _aPGUSA
_beng
042 _adc
100 1 _aVincent, J. E.
_q(James Edmund)
245 1 0 _aThrough East Anglia in a Motor Car
_h[electronic resource] /
_cJ. E. Vincent
260 _bProject Gutenberg,
_c2012
506 _aPublic domain in the USA.
516 _aElectronic text
830 0 _aProject Gutenberg
_v38938
856 4 0 _uhttp://www.gutenberg.org/ebooks/38938
942 _cEB
999 _c268191
_d268191